000 00489nam a2200193Ia 4500
003 OSt
005 20260404103945.0
008 250729s2010 xx 000 0 und d
020 _a978-8131307991
040 _cAL
041 _aeng
082 _a370.15 ARUE
100 _aDr.N.Arunachalan
_9230845
245 _aEducating children with special needs
260 _aNewdelhi
_bA P H Publishing Corporation
_c2010
300 _a335p
650 _aEducation
_9230846
942 _2ddc
_cBED
999 _c238985
_d238985